| 000 | 00522nam a22001577a 4500 | ||
|---|---|---|---|
| 999 |
_c533486 _d533486 |
||
| 020 | _qHard Cover. | ||
| 082 | _a624.1 | ||
| 100 | _aMuhammad Adnan | ||
| 245 |
_aUrban Flood Modelling using ID Channel Network: _bA Case Study of Nimes, France / _cMuhammad Adnan. |
||
| 260 |
_aIslamabad: _bSCEE - NUST, _c2017. |
||
| 300 |
_a60 p. : _bill. ; _c30cm. |
||
| 942 |
_2ddc _cTHE |
||
| 650 |
_aStructural Engineering MS-Thesis. _917039 |
||
| 700 |
_aDr. Sajjad Haider _916307 |
||